| 000 | 00710nam a2200205 a 4500 | ||
|---|---|---|---|
| 001 | 000032845 | ||
| 003 | DO-SdBNP | ||
| 005 | 20250618125423.0 | ||
| 008 | 110727s1946 nyu 000 0beng d | ||
| 040 |
_aDO-SdBNP _bspa _cBNPHU |
||
| 082 | 4 |
_a923.17293 _bT866H _222 |
|
| 100 | 1 |
_aHicks, Albert C., _d1820-1860 _958637 |
|
| 245 | 1 | 0 |
_aBlood in the streets : _bthe life and rule of Trujillo / _cAlbert C. Hicks ; introduction Quentin Reynolds. |
| 260 |
_aNew York : _bCreative Age Press, _c1946. |
||
| 300 |
_axxiv, 230 p. ; _c21 cm. |
||
| 600 | 1 | 0 |
_aTrujillo Molina, Rafael Leónidas, _d 1891-1961 _976764 |
| 700 | 1 |
_aReynolds, Quentin _926112 |
|
| 910 | _aValidado. Control de calidad BNPHU | ||
| 942 |
_2ddc _cLBS1 |
||
| 999 |
_c32336 _d32336 |
||